| 000 | 01216 a2200217 4500 | ||
|---|---|---|---|
| 001 | 40109 | ||
| 005 | 20260407155656.0 | ||
| 008 | 260407a1985 arg spa d | ||
| 003 | AR-UNSa-BCEJYS | ||
| 040 |
_aAR-UNSa-BCEJYS _bspa _cAR-UNSa-BCEJYS |
||
| 080 |
_a347.72 _xSociedades comerciales |
||
| 245 | 1 | 0 | _aSociedades y grupos multinacionales |
| 020 | _a950-14-0259-2 | ||
| 264 | 1 |
_aBuenos Aires : _bDepalma _c1985 |
|
| 300 |
_axxiii, 336 p. _c23 cm. |
||
| 505 | _a1. Introducción – 2. Estrategia empresaria y estructura jurídica – 3. Constitución de las sociedades comerciales – 4. Funcionamiento – 5. Fiscalización administrativa – 6. Grupos societarios – 7. Perspectivas de sociedades comunitarias en América Latina – 8. Disolución y liquidación – 9. Jurisdicción internacional sobre sociedades constituidas en el extranjero – 10. Recomendaciones de la asociación argentina de derecho internacional – 11. Contratos internacionales de colaboración empresaria – 12. Consorcio y cooperativas de exportación – 13. Compañías de comercialización internacional. | ||
| 041 | _aspa | ||
| 942 | _cBK | ||
| 590 | _aniveau_biblio:m niveau_hierar:0 | ||
| 100 | 1 | _aBoggiano, Antonio | |
| 999 |
_c3179 _d3179 |
||